| 000 | 00848nam a22002537a 4500 | ||
|---|---|---|---|
| 003 | 0 | ||
| 005 | 20241122111103.0 | ||
| 008 | 241122b xxu||||| |||| 00| 0 eng d | ||
| 020 | _a9781284287998 | ||
| 050 |
_aRS 57 _b.Si54 2025 |
||
| 100 |
_aSienkiewicz, Susan, _eauthor. |
||
| 245 |
_aClinical nursing calculations / _cSusan Sienkiewicz, Sandra Megerdichian. |
||
| 250 | _a3rd ed. | ||
| 260 |
_aBurlington, MA : _bWorld Headquarters, _c2025. |
||
| 300 |
_axx, 626 p. : _bcol. ill. ; _c28 cm. |
||
| 504 | _aIncludes bibliographical references and index. | ||
| 650 | _aPharmaceutical arithmetic. | ||
| 650 | _aNursing mathematics. | ||
| 650 | _aDrug dosage calculations. | ||
| 650 |
_aPharmaceutical Preparations _vadministration & dosage. |
||
| 650 | _aNurses Instruction. | ||
| 700 |
_aMegerdichian, Sandra, _eauthor. |
||
| 942 |
_2lcc _cBK |
||
| 999 |
_c366792 _d366792 |
||